00541nam a22001697a 4500999001900000003000500019038001600024082001000040100002400050245006800074260003700142300003100179500001500210600004000225942001300265952009300278 c524725d524725NUST aMr. Zahoor  a621.3 aIftikhar Ali915519 aSampled Data Control of DC-DC Buck Converter /cIftikhar Ali aIslamabad :bCEME - NUST,c2014. axi, 47, p. : ill. ;c30cm. aHardcover. 2Electrical Engineering - MS Thesis 2ddccTHE 00102ddc4070aCLbCLcTHEd2019-06-25l0o621.3pCL-T-30r2019-06-25w2019-06-25yTHE